| 000 | 00797nam a2200241Ia 4500 | ||
|---|---|---|---|
| 003 | OSt | ||
| 005 | 20220926043656.0 | ||
| 006 | a|||||r|||| 00| 0 | ||
| 007 | ta | ||
| 008 | 220923b |||||||| |||| 00| 0 eng d | ||
| 037 | _cGeneral Book | ||
| 040 |
_aRTL _cRTL _beng |
||
| 041 |
_2eng _aeng |
||
| 082 | _aY:R17z7, J8;2-;3,J8;5 | ||
| 100 | _aMyrdal Gunnar | ||
| 110 | _aInternational Libraray of Sociology and social Reconstruction ed BY W J H Sprott | ||
| 245 | 0 |
_aValue in social theroy _b A Selection of essays on m |
|
| 260 | _c1958 | ||
| 650 |
_aScientific Method _9231124 |
||
| 700 | _aInternational Libraray of Sociology and social Reconstruction ed BY W J H Sprott | ||
| 942 |
_hY:R17z7, J8;2-;3,J8;5 _cGB _2CC |
||
| 999 |
_c672918 _d672918 |
||